Hotel housekeeping operations and management (Record no. 5189)

MARC details
000 -LEADER
fixed length control field 00475nam a2200169Ia 4500
008 - FIXED-LENGTH DATA ELEMENTS--GENERAL INFORMATION
fixed length control field 230917s9999||||xx |||||||||||||| ||und||
020 ## - ISBN
Price RS 695.00
040 ## - CATALOGING SOURCE
-- 5006821
Original cataloging agency VIVEKANANDA LIBRARY
041 ## - Language
-- English
082 ## - DDC NUMBER
Classification number 647.94 K136H
100 ## - MAIN ENTRY--PERSONAL NAME
Personal name Kant, Jay Prakash
245 #0 - TITLE STATEMENT
Title Hotel housekeeping operations and management
260 ## - PUBLICATION, DISTRIBUTION, ETC. (IMPRINT)
Place of publication, distribution, etc New Delhi
Name of publisher, distributor, etc The Hospitality Press
Date of publication, distribution, etc 2021
300 ## - PHYSICAL DESCRIPTION
Pages iv, 556 p.
500 ## - GENERAL NOTE
General note 4501 25/01/2022 IF22/1070 27/01/2022 IHTM (SFS)
942 ## - ADDED ENTRY ELEMENTS (KOHA)
Koha item type Books
Holdings
Withdrawn status Lost status Damaged status Not for loan Location (home branch) Sublocation or collection (holding branch) Shelving location Date acquired Koha issues (times borrowed) Koha full call number Accession No. Koha date last seen Koha item type
        VIVEKANANDA LIBRARY VIVEKANANDA LIBRARY IHTM Library 01/03/2022 4 647.94 K136H 399988 20/05/2024 Books
        VIVEKANANDA LIBRARY VIVEKANANDA LIBRARY IHTM Library 01/03/2022 4 647.94 K136H 399989 16/04/2024 Books
        VIVEKANANDA LIBRARY VIVEKANANDA LIBRARY IHTM Library 01/03/2022   647.94 K136H 399990 17/09/2023 Books
        VIVEKANANDA LIBRARY VIVEKANANDA LIBRARY IHTM Library 01/03/2022 2 647.94 K136H 399991 06/05/2025 Books
        VIVEKANANDA LIBRARY VIVEKANANDA LIBRARY IHTM Library 01/03/2022 3 647.94 K136H 399992 07/01/2025 Books
© Designed and Maintained by Vivekananda Library, MDU Rohtak